Welcome to the Holygrace Academy Library

Please use search bar below to get started

BIBLE Q & A (Record no. 4774)

MARC details
000 -LEADER
fixed length control field 00264nam a22001217a 4500
082 ## - DEWEY DECIMAL CLASSIFICATION NUMBER
Classification number 001
Item number CHR/B
100 ## - MAIN ENTRY--AUTHOR NAME
Personal name THE CHRISTADELPHIANS
245 ## - TITLE STATEMENT
Title BIBLE Q & A
260 ## - PUBLICATION, DISTRIBUTION, ETC. (IMPRINT)
Place of publication HYDERABAD
Name of publisher THE CHRISTADELPHIANS
300 ## - PHYSICAL DESCRIPTION
Number of Pages 32
650 ## - SUBJECT ADDED ENTRY--TOPICAL TERM
Topical Term SPIRITUAL
Geographic subdivision INDIA
942 ## - ADDED ENTRY ELEMENTS (KOHA)
Koha item type Books
Holdings
Withdrawn status Lost status Collection code Home library Current library Shelving location Date acquired Source of acquisition Full call number Accession Number Koha item type
    Non-fiction Main Library Main Library SHELF 15B-U,V,W SECTION NOVELS& FICTION 11/05/2016 purchase 001 CHR/B 04269 Books